Regions to Countries #3 - Statistics

General Stats
  • This quiz has been taken 49 times
  • The average score is 19 of 24
Answer Stats
Region Country % Correct
Catalonia Spain
95%
Gibraltar United Kingdom
95%
Silicon Valley United States
95%
Monte-Carlo Monaco
93%
Sinai Pennsula Egypt
91%
Inner Mongolia China
88%
Faroe Islands Denmark
88%
Limerick Ireland
88%
Chechnya Russia
88%
Azores Portugal
86%
Zanzibar Tanzania
86%
Kurdistan Iraq
84%
Macedonia Greece
81%
Svalbard Norway
81%
Goa India
79%
Galilee Israel
79%
Valparaíso Chile
70%
Schwyz Switzerland
67%
Abkhazia Georgia
65%
Nevis St. Kitts
65%
Bahia Brazil
60%
Querétaro Mexico
60%
Transnistria Moldova
56%
North Sentinel Island India
40%
No matching quizzes found
Score Distribution
Percent of People with Each Score
Percentile by Number Answered
Your Score History
You have not taken this quiz